Basic listening, teacher's book

Gorde:
Xehetasun bibliografikoak
Formatua: Liburua
Argitaratua: 1982
Etiketak: Etiketa erantsi
Etiketarik gabe, Izan zaitez lehena erregistro honi etiketa jartzen!
Thư viện lưu trữ: Mạng thư viện Đại học Đà Nẵng
LEADER 00439nam a22001811a 4500
001 000037601
003 13896
005 20160412020405.0
008 160412s1982 000
082 |a 4A(07)905 
245 |a Basic listening, teacher's book  |c Adward Arnold 
260 |c 1982 
OWN |a LNN 
999 |a From the UDN01 
TYP |a Monograph 
980 |a Mạng thư viện Đại học Đà Nẵng